000 00628nam a2200169 i 4500
001 179992
003 ES-MaACL
005 20230906220949.0
008 120313s1908 sp |||| | spa d
100 1 _aAlba, Santiago,
_d1872-1949
_919197
245 1 0 _aCastilla ante el problema de la vida local
_b: conferencia pronunciada /
_cpor ... Santiago Alba el día 19 de enero de 1908 en el Círculo Mercantil de Salamanca.
260 _aValladolid :
_b[s.n.],
_c1908 (
_fImpr. Castellana)
300 _a54 p. ;
_c21 cm.
650 0 4 _aRegionalismo-
_zEspaña.
_916748
852 _aES-MaACL
_jT-726-F-2
999 _c179992
_d179992